000 00327nam a22001457a 4500
008 210607b ||||| |||| 00| 0 eng d
020 _a9780123813244
041 _aeng
080 _a573
082 _a573
100 _a11
101 _aBIO
245 _aInternational Review of Neurobiology
_cAngela Clow
942 _2udc
_cBK
999 _c58047
_d58047